| 000 | 00567nam a22001937a 4500 | ||
|---|---|---|---|
| 999 |
_c192711 _d192711 |
||
| 005 | 20220930120039.0 | ||
| 010 | _aB-745741 | ||
| 020 |
_a9789389843880 _c250.00 |
||
| 035 | _aB-745741 | ||
| 037 | _bPharos Books | ||
| 082 | _aN | ||
| 100 | _aDefoe, Daniel | ||
| 245 |
_aRobinson Crusoe/ _cDaniel Defoe |
||
| 260 |
_a Delhi _bPharos Books _c2020 |
||
| 270 |
_aPlot No.-55, Main Mother Dairy Road, Pandav Nagar _b Delhi _e110092 |
||
| 300 |
_a230p. _c22cm(pbk) |
||
| 942 |
_2ddc _cEN _hN _mDEF |
||